Whit or isis amongst the unsaved /

Guardat en:
Dades bibliogràfiques
Autor principal: Banks, Iain M. (Autor)
Format: Llibre
Idioma:anglès
Publicat: London : Abacus, 1996
Etiquetes: Afegir etiqueta
Sense etiquetes, Sigues el primer a etiquetar aquest registre!

MARC

LEADER 00000nam a22000007i 4500
001 IT\ICCU\UBO\2132082
003 ItRI
005 20251004185515.0
008 030305s1996 xxk|||||| ||||| |||||c
020 |a 0349107688 
040 |b ita  |c ct 
041 7 |a eng  |2 ISO-639-2 
100 1 |a Banks, Iain M.  |0 IT\ICCU\CFIV\100831  |4 aut 
245 1 0 |a Whit or isis amongst the unsaved /  |c Iain Banks. 
260 |a London :  |b Abacus,  |c 1996 
300 |a 455 p. ;  |c 20 cm. 
942 |2 ddc  |c BK 
952 |0 0  |1 0  |2 ddc  |4 0  |6 B_LNR02BANIAWHI11  |7 0  |9 7609  |a MI  |b MI  |d 2011-12-14  |i 6325  |l 0  |o B-LNR02-BANIA-WHI11  |p CDOM6325  |r 2025-07-13 16:28:00  |w 2025-07-13  |x DONO  |y BK 
999 |c 6299  |d 6299